Historia, Geografía y Ciencias Sociales 6° Básico: texto del estudiante

Guardat en:
Dades bibliogràfiques
Autors principals: Fernández Leiva, Cristian (Autor), Giadrosic Reyes, Georgina (Autor)
Format: Llibre
Idioma:espanyol
Publicat: Santiago Ediciones SM Chile S. A 2015
Edició:1a. ed
Matèries:
Etiquetes: Afegir etiqueta
Sense etiquetes, Sigues el primer a etiquetar aquest registre!

MARC

LEADER 00000cam a2200000 a 4500
001 UCD9761
003 CL-VaPUC
008 170709e20150000cl |||||||||||||||||spa|d
020 |a 9789563499414 
082 0 4 |a 372.89  |b FER  |2 21 
100 0 |a Fernández Leiva, Cristian  |e author  |9 593408 
700 |a Giadrosic Reyes, Georgina  |e author  |9 593448 
245 1 0 |a Historia, Geografía y Ciencias Sociales 6° Básico: texto del estudiante 
250 |a 1a. ed 
300 |a 271 p 
942 |c BK 
945 |d 20170709 17:01:00  |a dcastane 
260 |a Santiago  |b Ediciones SM Chile S. A  |c 2015 
650 0 |a Enseñanza de la historia   |9 307330 
650 0 |a Enseñanza de la geografía  |9 310005 
650 0 |a Enseñanza de las ciencias sociales  |9 337823 
650 0 |a Educación básica   |9 224933 
650 0 |a Libros de texto  |9 270019 
583 |a last modification  |c 20170709 17:01:00  |k Rodrigo Vera 
999 |c 368780  |d 368778 
952 |0 0  |1 0  |3 erb  |4 0  |6 372_890000000000000_FER_2015  |7 0  |8 A  |9 484219  |a BIBEDU  |b BIBEDU  |i 540519K  |o 372.89 FER 2015  |p 540519K  |r 2019-11-24  |w 2019-11-24  |y BK  |z Catalogado en:20170709  |k EPE